Who said these Dreamcatcher iconic quotes #6 - Statistics

General Stats
  • This quiz has been taken 31 times
  • The average score is 10 of 10
Answer Stats
Quote Member % Correct
Rock and roll baby, come on! JiU
100%
Cancel. We are cancel. Pepsi three Siyeon
100%
This is really my wish. Can I bite you just once? Yoohyeon
100%
Pie listens well and is nice, unlike Yoohyeon who isn't nice Handong
97%
Inner beauty is the saliva in JiU's mouth SuA
97%
This is bad, I'm broke Dami
94%
Kim. Min. Ji. Unnie. wHo aRe yOu? Siyeon
94%
Then let's use the bathroom together Yoohyeon
94%
You're just meant to have thick fingers Gahyun
90%
Do you like being scolded? Your preferences are quite unique JiU
90%
No matching quizzes found
Score Distribution
Percent of People with Each Score
Percentile by Number Answered
Your Score History
You have not taken this quiz